书目信息 |
| 题名: |
政治经济学
|
|
| 作者: | 于光远 , 苏星 主编 | |
| 分册: | 上册 资本主义部分 | |
| 出版信息: | 北京 人民出版社 1977.3 |
|
| 页数: | 171页 | |
| 开本: | 19cm | |
| 丛书名: | ||
| 单 册: | ||
| 中图分类: | F038 | |
| 科图分类: | ||
| 主题词: | 资本主义社会--生产方式 | |
| 电子资源: | ||
| ISBN: | ||
| 000 | 00630nam0 2200217 45 | |
| 001 | 0304111010 | |
| 005 | 20070923104927.21 | |
| 010 | @dCNY0.33 | |
| 091 | @a4001.296 | |
| 100 | @a20030411d1977 km y0chiy0120 ea | |
| 101 | 0 | @achi |
| 200 | 1 | @a政治经济学@h上册@i资本主义部分@AZheng Zhi Jing Ji Xue@f于光远,苏星主编@FYu Guang Yuan,Su Xing Zhu Bian |
| 210 | @a北京@c人民出版社@d1977.3 | |
| 215 | @a171页@d19cm | |
| 517 | @a资本主义部分@AZi Ben Zhu Yi Bu Fen | |
| 606 | 0 | @a资本主义社会@x生产方式 |
| 690 | @aF038@v3 | |
| 701 | 0 | @a于光远@4主编 |
| 701 | 0 | @a苏星@4主编 |
| 801 | @aCN@bTSTC@c20070923 | |
| 905 | @dF038@e1:1@f1@b65771 | |
| 政治经济学.上册.资本主义部分/于光远,苏星主编.-北京:人民出版社,1977.3 |
| 171页;19cm |
| ISBN :CNY0.33 |
| ● |
| 相关链接 |
|
|
|
|
正题名:政治经济学
索取号:F038/1:1
 
预约/预借
| 序号 | 登录号 | 条形码 | 馆藏地/架位号 | 状态 | 备注 |
| 1 | 0065771 | 001791591 | 密集书库/ [索取号:F038/1:1] | 在馆 | |
| 2 | 0465695 | 204656951 | 密集书库/ [索取号:F038/1:1] | 在馆 | |
| 3 | 0624530 | 206245302 | 密集书库/ [索取号:F038/1:1] | 在馆 | |
| 4 | 0769996 | 207699962 | 密集书库/ [索取号:F038/1:1] | 在馆 | |
| 5 | 0785565 | 207855659 | 密集书库/ [索取号:F038/1:1] | 在馆 |